[Event "OLNO 1819 SV Empor Berlin - SF Berlin I"]
[Site "?"]
[Date "2019.02.24"]
[Round "7.8"]
[White "Jahn, Thomas"]
[Black "Offermann, Fernando"]
[Result "0-1"]
[WhiteElo "2195"]
[BlackElo "2146"]
[PlyCount "114"]
[EventDate "2019.??.??"]

1. e4 c5 2. Nf3 d6 3. d4 cxd4 4. Nxd4 Nf6 5. Nc3 a6 6. Bg5 e6 7. f4 Be7 8. Qf3
Qc7 9. O-O-O Nbd7 10. g4 b5 11. Bxf6 Nxf6 12. g5 Nd7 13. a3 Qb6 14. h4 Rb8 15.
b4 Bb7 16. h5 Rc8 17. Rh3 h6 18. g6 Bf6 19. gxf7+ Kxf7 20. Qe3 Rhd8 21. Be2 e5
22. Nf5 Qxe3+ 23. Rxe3 Nf8 24. Nxd6+ Rxd6 25. Rxd6 exf4 26. Rxf6+ Kxf6 27. Rd3
Ke5 28. Bg4 Re8 29. Rd1 Bc6 30. Rf1 Ne6 31. Ne2 Bxe4 32. Bxe6 Rxe6 33. Rxf4 Rc6
34. c3 Rxc3+ 35. Kd1 Rd3+ 36. Ke1 Bf5 37. Rf2 Rxa3 38. Rg2 Kf6 39. Rf2 Ra1+ 40.
Kd2 Kg5 41. Nc3 Rg1 42. Ke3 Rg3+ 43. Kd4 Rd3+ 44. Ke5 Bh3 45. Nd5 Ra3 46. Rf7
Kxh5 47. Rxg7 Kh4 48. Rg1 h5 49. Kf4 Ra2 50. Rh1 Rf2+ 51. Ke3 Rf1 52. Rh2 Kg3
53. Rc2 Bg4 54. Rc7 Re1+ 55. Kd4 Bf3 56. Rg7+ Kf2 57. Nf4 Re4+ 0-1

[Event "OLNO 1819 SC Weisse Dame - Greifswalder"]
[Site "?"]
[Date "2019.02.24"]
[Round "7.1"]
[White "Mueller, Nick"]
[Black "Moeller, Hendrik"]
[Result "1-0"]
[WhiteElo "2358"]
[BlackElo "2281"]
[PlyCount "79"]
[EventDate "2019.??.??"]

1. e4 c6 2. d4 d5 3. e5 Bf5 4. h4 h5 5. Bd3 Bxd3 6. Qxd3 e6 7. Bg5 Qb6 8. Nd2
Qa6 9. c4 Nd7 10. Ngf3 Bb4 11. O-O Ne7 12. Rfc1 Nf5 13. b3 f6 14. Bf4 Kf7 15.
a3 Bxd2 16. Qxd2 dxc4 17. bxc4 Nb6 18. Qc3 Rad8 19. a4 Rd7 20. a5 Nc8 21. Re1
Rhd8 22. exf6 gxf6 23. Qc2 Nce7 24. Re2 Ng7 25. Bh6 Nef5 26. Bxg7 Nxg7 27. Re4
Nf5 28. Rxe6 Kxe6 29. Qe4+ Kf7 30. Qxf5 Kg7 31. Rc1 c5 32. Qxc5 Kg6 33. d5 Qd6
34. Qe3 Re7 35. Qd3+ f5 36. Qd2 Qf6 37. c5 Re4 38. a6 bxa6 39. c6 Rc8 40. d6
1-0

[Event "OLNO 1819 SC Weisse Dame - Greifswalder"]
[Site "?"]
[Date "2019.02.24"]
[Round "7.2"]
[White "Waldmann, Hans-Joachim"]
[Black "Leisner, Hannes"]
[Result "1/2-1/2"]
[WhiteElo "2287"]
[BlackElo "2295"]
[PlyCount "91"]
[EventDate "2019.??.??"]

1. Nf3 Nf6 2. c4 g6 3. Nc3 d5 4. cxd5 Nxd5 5. Qa4+ Nc6 6. Ne5 Qd6 7. Nxc6 Qxc6
8. Qxc6+ bxc6 9. b3 Bg7 10. Bb2 Nxc3 11. Bxc3 Bxc3 12. dxc3 Be6 13. c4 O-O 14.
O-O-O a5 15. e3 Rfb8 16. Be2 a4 17. Kb2 Ra5 18. Rd2 Kg7 19. h4 axb3 20. axb3
Ra4 21. Kc3 Ra3 22. Rb2 h6 23. Rd1 g5 24. hxg5 hxg5 25. Rdd2 Kf6 26. Bd1 c5 27.
Ra2 Rba8 28. Rxa3 Rxa3 29. Bf3 Ra1 30. Kb2 Rf1 31. Be4 Ke5 32. Bd3 Re1 33. Kc3
Rc1+ 34. Kb2 Re1 35. Kc3 Rc1+ 36. Kb2 Re1 37. Bc2 Rf1 38. Kc3 Ra1 39. Kb2 Rf1
40. Kc3 Ra1 41. g3 g4 42. Kb2 Rf1 43. Bd3 Re1 44. Kc3 Rc1+ 45. Kb2 Re1 46. Kc3
1/2-1/2

[Event "OLNO 1819 SC Weisse Dame - Greifswalder"]
[Site "?"]
[Date "2019.02.24"]
[Round "7.3"]
[White "Weber, Max"]
[Black "Hansen, Kay"]
[Result "1-0"]
[WhiteElo "2229"]
[BlackElo "2153"]
[PlyCount "127"]
[EventDate "2019.??.??"]

1. Nf3 Nf6 2. c4 c6 3. Nc3 d5 4. d4 e6 5. g3 Be7 6. Bg2 O-O 7. O-O b6 8. Ne5
Bb7 9. e4 Nbd7 10. exd5 cxd5 11. Qa4 Nxe5 12. dxe5 Ne4 13. Nxe4 dxe4 14. Qc2
Qd4 15. Bf4 Rfc8 16. Rad1 Qc5 17. b3 b5 18. Be3 Qc7 19. Bxe4 Bxe4 20. Qxe4 bxc4
21. bxc4 Qxc4 22. Qxc4 Rxc4 23. Rd7 Bf8 24. Rb1 Ra4 25. Rbb7 Rxa2 26. Bxa7 Ra5
27. Bb8 f6 28. Bd6 Rd5 29. Rf7 Bxd6 30. Rxg7+ Kf8 31. exd6 Rxd6 32. Rxh7 Kg8
33. Rhg7+ Kh8 34. Rh7+ Kg8 35. Rhg7+ Kh8 36. h4 Rd5 37. Rh7+ Kg8 38. Rhg7+ Kh8
39. Rh7+ Kg8 40. h5 Rg5 41. Kg2 e5 42. h6 Rg6 43. Kf3 f5 44. Rhg7+ Rxg7 45.
Rxg7+ Kh8 46. Rf7 Ra3+ 47. Kg2 f4 48. g4 Ra6 49. Re7 Rxh6 50. Rxe5 Kg7 51. Rf5
Ra6 52. Rxf4 Kg6 53. Kg3 Ra1 54. Rb4 Ra6 55. f4 Rc6 56. Rb5 Ra6 57. Kh4 Rc6 58.
f5+ Kf6 59. g5+ Kg7 60. Rb7+ Kg8 61. Kh5 Rc8 62. f6 Rf8 63. Kg6 Kh8 64. Rh7+
1-0

[Event "OLNO 1819 SC Weisse Dame - Greifswalder"]
[Site "?"]
[Date "2019.02.24"]
[Round "7.4"]
[White "Abraham, Ingo"]
[Black "Stubbe, Wilko"]
[Result "1-0"]
[WhiteElo "2199"]
[BlackElo "2219"]
[PlyCount "105"]
[EventDate "2019.??.??"]

1. d4 d5 2. c4 e5 3. dxe5 d4 4. e4 Nc6 5. f4 f6 6. exf6 Nxf6 7. Bd3 Bb4+ 8. Nd2
O-O 9. Ngf3 Ng4 10. a3 Be7 11. Nf1 b6 12. Qc2 a5 13. e5 h6 14. Be4 d3 15. Qxd3
Qxd3 16. Bxd3 Bc5 17. Be4 Bb7 18. Bd5+ Kh8 19. Ke2 Rad8 20. Ng3 g5 21. Ne4 gxf4
22. h3 Ne3 23. Nxc5 bxc5 24. Bxe3 fxe3 25. Kxe3 Rb8 26. Kd3 Ne7 27. Bxb7 Rxb7
28. Kc3 a4 29. Rad1 Rf4 30. Rd8+ Kg7 31. Nd2 Nc6 32. Rd7+ Kf8 33. Rf1 Rxf1 34.
Nxf1 Rb3+ 35. Kc2 Nxe5 36. Rxc7 Nxc4 37. Rxc5 Nxb2 38. Nd2 Rb6 39. Rc7 Ke8 40.
Ra7 Kd8 41. g4 Kc8 42. h4 Rd6 43. Ne4 Re6 44. Nc3 Kb8 45. Ra5 Nc4 46. Rxa4 Ne3+
47. Kd3 Ng2 48. h5 Re3+ 49. Kd2 Re6 50. Re4 Rd6+ 51. Ke2 Rf6 52. Nd5 Rd6 53.
Ne7 1-0

[Event "OLNO 1819 SC Weisse Dame - Greifswalder"]
[Site "?"]
[Date "2019.02.24"]
[Round "7.5"]
[White "Stopsack, Malte"]
[Black "Uhl, Heinz"]
[Result "1/2-1/2"]
[WhiteElo "2214"]
[BlackElo "2129"]
[PlyCount "80"]
[EventDate "2019.??.??"]

1. e4 c5 2. Nf3 d6 3. d4 cxd4 4. Nxd4 Nf6 5. Nc3 g6 6. Be3 Bg7 7. Be2 Nc6 8. h4
O-O 9. h5 d5 10. Nxc6 bxc6 11. e5 Ne4 12. Nxe4 dxe4 13. hxg6 hxg6 14. Bd4 Qc7
15. Qc1 Rd8 16. Bc3 Rd5 17. Bc4 Rc5 18. Bb3 Rxc3 19. bxc3 Qxe5 20. O-O Qh5 21.
Qf4 Bf5 22. Ba4 Bxc3 23. Rab1 Be6 24. Qh2 Qc5 25. Rb8+ Rxb8 26. Qxb8+ Kg7 27.
Qf4 Bf5 28. Bb3 Be5 29. Qd2 Bd4 30. c3 Bxc3 31. Qe2 Bd4 32. g4 Bc8 33. Qxe4 Ba6
34. Qf3 Bxf1 35. Qxf7+ Kh6 36. Qf4+ g5 37. Qf8+ Bg7 38. Qf7 Bf6 39. Qh5+ Kg7
40. Qf7+ Kh6 1/2-1/2

[Event "OLNO 1819 SC Weisse Dame - Greifswalder"]
[Site "?"]
[Date "2019.02.24"]
[Round "7.7"]
[White "Bartolomaeus, Christian"]
[Black "Mohrmann, Ralf"]
[Result "1-0"]
[WhiteElo "2196"]
[BlackElo "2056"]
[PlyCount "75"]
[EventDate "2019.??.??"]

1. e4 d6 2. d4 Nf6 3. Nc3 g6 4. Be3 Bg7 5. Qd2 c6 6. f3 Nbd7 7. Bd3 b5 8. a4
bxa4 9. Nge2 O-O 10. O-O Nb6 11. Nxa4 Be6 12. b3 Nfd7 13. Nf4 d5 14. Nxe6 fxe6
15. e5 Qc7 16. f4 Nxa4 17. Rxa4 c5 18. Ra6 cxd4 19. Bxd4 Nc5 20. Bxc5 Qxc5+ 21.
Kh1 Kf7 22. Qe2 Rfc8 23. Qg4 Rc6 24. Rxc6 Qxc6 25. h4 Ke8 26. Qe2 Rb8 27. Ra1
Qc5 28. Qd2 Bh6 29. g3 d4 30. Qe1 Rc8 31. Kh2 Qc6 32. Ra4 Rd8 33. Qe4 Qc5 34.
Rc4 Qa5 35. Rxd4 Qd2+ 36. Kh3 Rxd4 37. Qxd4 Kf8 38. Qd8+ 1-0

[Event "OLNO 1819 SC Weisse Dame - Greifswalder"]
[Site "?"]
[Date "2019.02.24"]
[Round "7.8"]
[White "Mahn, Franko"]
[Black "Kuersten, Ruediger"]
[Result "1-0"]
[WhiteElo "2144"]
[BlackElo "2168"]
[PlyCount "73"]
[EventDate "2019.??.??"]

1. c4 e5 2. Nc3 Nf6 3. Nf3 Nc6 4. g3 Bb4 5. Bg2 O-O 6. O-O Re8 7. d3 Bxc3 8.
bxc3 e4 9. Ng5 exd3 10. exd3 d5 11. cxd5 Nxd5 12. Qh5 h6 13. Qxf7+ Kh8 14. Bxd5
Ne5 15. Qh5 Bg4 16. Qxg4 Qxd5 17. Qe4 Qg8 18. Nf3 Nc6 19. Qc4 Qh7 20. Bf4 Rad8
21. Rfe1 Rf8 22. Re3 Qf5 23. Rf1 Qh5 24. Kg2 Rd7 25. Ne5 Nxe5 26. Rxe5 Qg4 27.
Qe4 Qg6 28. Re6 Qh5 29. d4 c6 30. Re1 Rdf7 31. Re8 Rxe8 32. Qxe8+ Kh7 33. Qe4+
Kg8 34. Qe6 Qb5 35. Qb3 Qf5 36. Re7 g5 37. Qxf7+ 1-0

[Event "OLNO 1819 SK König Tegel II - SG Güstro"]
[Site "?"]
[Date "2019.02.24"]
[Round "7.1"]
[White "Waschk, Armin"]
[Black "Giemsa, Stephan"]
[Result "0-1"]
[WhiteElo "2130"]
[BlackElo "2275"]
[PlyCount "86"]
[EventDate "2019.??.??"]

1. e4 e6 2. d4 d5 3. Nc3 Nf6 4. e5 Nfd7 5. f4 c5 6. Nf3 Nc6 7. Be3 a6 8. Qd2 b5
9. dxc5 Bxc5 10. Bxc5 Nxc5 11. Bd3 Qb6 12. Qf2 b4 13. Ne2 a5 14. O-O Ba6 15.
Ng3 g6 16. Kh1 Na4 17. Qxb6 Nxb6 18. b3 Ke7 19. Ne2 Rhc8 20. g4 Nd7 21. Bxa6
Rxa6 22. c3 Nc5 23. Rac1 Raa8 24. c4 Nd3 25. Rc2 Nd8 26. Nd2 g5 27. fxg5 Nxe5
28. h3 dxc4 29. Nxc4 Nxc4 30. bxc4 Rc5 31. Rfc1 Rxg5 32. c5 Nc6 33. Kg2 h5 34.
Kg3 hxg4 35. h4 Rd5 36. Nf4 Rd4 37. h5 e5 38. Ne2 Rd3+ 39. Kxg4 Ke6 40. Re1
Rg8+ 41. Kh4 Re3 42. Rd2 Ne7 43. Rd6+ Kf5 0-1

[Event "OLNO 1819 SK König Tegel II - SG Güstro"]
[Site "?"]
[Date "2019.02.24"]
[Round "7.3"]
[White "Muench, Robert"]
[Black "Dimitrijeski, Boris"]
[Result "0-1"]
[WhiteElo "2015"]
[BlackElo "2195"]
[PlyCount "63"]
[EventDate "2019.??.??"]

1. d4 d5 2. Nf3 Nf6 3. g3 e6 4. Bg2 b5 5. O-O c5 6. b3 Nc6 7. Bb2 Qb6 8. c3 Be7
9. Nbd2 O-O 10. Qc2 Bb7 11. Rac1 Rac8 12. Qb1 a5 13. e3 Rfd8 14. Ne5 Nxe5 15.
dxe5 Nd7 16. f4 c4 17. Rfe1 Bc5 18. Kf2 f6 19. exf6 Nxf6 20. h3 e5 21. fxe5 Nd7
22. Nf3 Rf8 23. b4 axb4 24. cxb4 Bxb4 25. Re2 c3 26. Ba1 Nxe5 27. Rd1 Bc5 28.
Bxc3 Nxf3 29. Bxf3 d4 30. exd4 Rxf3+ 31. Ke1 Bd6 32. Bb2 0-1

[Event "OLNO 1819 SK König Tegel II - SG Güstro"]
[Site "?"]
[Date "2019.02.24"]
[Round "7.4"]
[White "Jahnz, Fabian"]
[Black "Dettmann, Gerd"]
[Result "1-0"]
[WhiteElo "2249"]
[BlackElo "2127"]
[PlyCount "76"]
[EventDate "2019.??.??"]

1. e4 c5 2. Nf3 d6 3. Bb5+ Bd7 4. Bxd7+ Qxd7 5. O-O Nc6 6. Qe2 e6 7. Rd1 Nge7
8. c3 Qc7 9. d4 e5 10. Na3 Ng6 11. h4 Be7 12. h5 Nf8 13. d5 Nd8 14. Nxe5 dxe5
15. d6 Qd7 16. dxe7 Qxe7 17. Nc4 Nfe6 18. Nxe5 O-O 19. h6 Nc6 20. hxg7 Rfd8 21.
Nxc6 bxc6 22. Be3 Rab8 23. Rxd8+ Nxd8 24. Bf4 Rb7 25. Rd1 Ne6 26. Be3 Qf6 27.
Rd2 Rb5 28. Qc4 Qe5 29. g3 Ng5 30. Bxg5 Qxg5 31. Rd7 Qg6 32. b3 Ra5 33. a4 Kxg7
34. e5 Kg8 35. Kg2 Qe6 36. Qxe6 fxe6 37. c4 Ra6 38. Rb7 Rb6 1-0

[Event "OLNO 1819 SK König Tegel II - SG Güstro"]
[Site "?"]
[Date "2019.02.24"]
[Round "7.5"]
[White "Luther, Alexander"]
[Black "Kather, Yannick"]
[Result "1/2-1/2"]
[WhiteElo "2054"]
[BlackElo "2119"]
[PlyCount "50"]
[EventDate "2019.??.??"]

1. e4 c5 2. Nf3 Nc6 3. d4 cxd4 4. Nxd4 g6 5. c4 Nf6 6. Nc3 d6 7. Be2 Bg7 8. Be3
O-O 9. O-O Bd7 10. f3 Nxd4 11. Bxd4 Bc6 12. b4 b6 13. Qd2 e6 14. Rfd1 Qe7 15.
Rac1 Rfd8 16. Be3 Ne8 17. Bd4 Nc7 18. Bxg7 Kxg7 19. Re1 Rac8 20. f4 Kg8 21. Bf3
d5 22. exd5 Qxb4 23. Qe3 exd5 24. Nxd5 Nxd5 25. cxd5 Re8 1/2-1/2

[Event "OLNO 1819 SK König Tegel II - SG Güstro"]
[Site "?"]
[Date "2019.02.24"]
[Round "7.6"]
[White "Niehaus, Frank"]
[Black "Kiel, Bernd"]
[Result "1-0"]
[WhiteElo "2177"]
[BlackElo "1969"]
[PlyCount "57"]
[EventDate "2019.??.??"]

1. e4 d5 2. exd5 Nf6 3. c4 e6 4. d4 exd5 5. Nc3 Be6 6. cxd5 Nxd5 7. Nf3 Be7 8.
h3 O-O 9. Bd3 Nc6 10. O-O Re8 11. Re1 a6 12. a3 Nxc3 13. bxc3 Na5 14. Rb1 c5
15. Qc2 h6 16. Bh7+ Kf8 17. Rxe6 fxe6 18. Bg6 Bf6 19. Bxe8 Qxe8 20. dxc5 Qe7
21. Be3 Nc4 22. Qe4 Nxe3 23. Rxb7 Qe8 24. Qh7 Be7 25. fxe3 Qc8 26. Ne5 Ke8 27.
Qg8+ Bf8 28. Qf7+ Kd8 29. Qxf8# 1-0

[Event "OLNO 1819 SK König Tegel II - SG Güstro"]
[Site "?"]
[Date "2019.02.24"]
[Round "7.7"]
[White "Ramp, Oliver"]
[Black "Rath, Alina"]
[Result "1/2-1/2"]
[WhiteElo "1930"]
[BlackElo "2045"]
[PlyCount "39"]
[EventDate "2019.??.??"]

1. e4 c5 2. Nf3 d6 3. Bb5+ Bd7 4. Bxd7+ Qxd7 5. d3 Nc6 6. Nc3 g6 7. O-O Bg7 8.
Bd2 Rb8 9. a4 Nf6 10. Rb1 O-O 11. Re1 Rfd8 12. b3 a6 13. e5 dxe5 14. Nxe5 Nxe5
15. Rxe5 Ng4 16. Rd5 Qe6 17. Rxd8+ Rxd8 18. h3 Nf6 19. Qf3 Qd7 20. Re1 1/2-1/2

[Event "OLNO 1819 SK König Tegel II - SG Güstro"]
[Site "?"]
[Date "2019.02.24"]
[Round "7.8"]
[White "Lorenz, Sascha"]
[Black "Ebert, Lutz"]
[Result "1-0"]
[WhiteElo "2249"]
[BlackElo "1870"]
[PlyCount "65"]
[EventDate "2019.??.??"]

1. Nf3 c5 2. e3 d5 3. b3 Nf6 4. Bb2 e6 5. Bb5+ Bd7 6. Be2 Nc6 7. O-O Be7 8. c4
O-O 9. d3 a6 10. Nbd2 Rc8 11. cxd5 exd5 12. Rc1 Bd6 13. d4 cxd4 14. Nxd4 Nxd4
15. Bxd4 Qe7 16. Nf3 Bc6 17. Rc2 Nd7 18. Qa1 f6 19. Rfc1 Ba3 20. Bb2 Bxb2 21.
Qxb2 Ra8 22. Nd4 Ne5 23. Qc3 Rfc8 24. Qa5 Qd6 25. f4 Nd7 26. Bf3 Kh8 27. Bxd5
Re8 28. Bxc6 bxc6 29. Rxc6 Qb8 30. R1c3 Qa7 31. Rc7 Qb6 32. Qd5 Rxe3 33. Qxa8+
1-0

[Event "OLNO 1819 TuS Makkabi Berlin - SC Empor"]
[Site "?"]
[Date "2019.02.24"]
[Round "7.1"]
[White "Penzold, Andreas"]
[Black "Kiesekamp, Marcos"]
[Result "0-1"]
[WhiteElo "2397"]
[BlackElo "2303"]
[PlyCount "90"]
[EventDate "2019.??.??"]

1. c4 Nf6 2. Nc3 e6 3. e4 e5 4. f4 d6 5. Nf3 Nc6 6. d4 Bg4 7. d5 Ne7 8. fxe5
dxe5 9. Qb3 Bxf3 10. gxf3 Ng6 11. Qxb7 Nd7 12. Be3 Bd6 13. O-O-O O-O 14. Bh3
Nc5 15. Qb5 a6 16. Qa5 Qe7 17. Rhg1 Nf4 18. Bf1 Rfb8 19. Rd2 Rb4 20. Nb1 Nb7
21. Qa3 Rxc4+ 22. Bxc4 Bxa3 23. Nxa3 Nd6 24. Rgd1 Qh4 25. Bf1 Qh5 26. Rf2 f5
27. Bxf4 fxe4 28. Be3 exf3 29. Rc2 Nf5 30. Bf2 Qxh2 31. Bd3 e4 32. Bc4 Kh8 33.
Kb1 Qf4 34. Bc5 h6 35. Bf1 e3 36. Bd3 Re8 37. Rc4 e2 38. Rdc1 Qg5 39. Bf2 Nd6
40. Rxc7 Qd2 41. Bxa6 e1=Q 42. Bxe1 Rxe1 43. Nb5 Qd3+ 44. R7c2 f2 45. Nxd6
Rxc1+ 0-1

[Event "OLNO 1819 TuS Makkabi Berlin - SC Empor"]
[Site "?"]
[Date "2019.02.24"]
[Round "7.2"]
[White "Krefenstein, Sergej"]
[Black "Hansch, Karsten"]
[Result "0-1"]
[WhiteElo "2123"]
[BlackElo "2302"]
[PlyCount "88"]
[EventDate "2019.??.??"]

1. e4 c5 2. Nf3 d6 3. d4 cxd4 4. Nxd4 Nf6 5. Nc3 a6 6. f3 e5 7. Nb3 Be6 8. Be3
h5 9. Qd2 Nbd7 10. O-O-O b5 11. Kb1 Rc8 12. Qf2 g6 13. h3 Qc7 14. Rg1 h4 15.
Bd3 b4 16. Nd5 Bxd5 17. exd5 Ra8 18. Bg5 Be7 19. Bxh4 Nb6 20. Bxf6 Bxf6 21. Qe2
Kf8 22. Be4 a5 23. Qb5 Qa7 24. Nd2 Kg7 25. Nc4 Nxc4 26. Qxc4 Rhb8 27. g4 Bg5
28. Rh1 Qe7 29. Qc6 a4 30. Rh2 Bf4 31. Re2 Qd8 32. Rh1 Ra5 33. Qc4 Rc5 34. Qd3
Qc7 35. h4 a3 36. b3 Rc3 37. Qd1 Rc8 38. g5 Rh8 39. Rg2 Re3 40. c4 bxc3 41. h5
Rxh5 42. Rxh5 gxh5 43. Qh1 c2+ 44. Rxc2 Qa5 0-1

[Event "OLNO 1819 TuS Makkabi Berlin - SC Empor"]
[Site "?"]
[Date "2019.02.24"]
[Round "7.3"]
[White "Hansch, Stephan"]
[Black "Gazmaga, Stefan"]
[Result "1-0"]
[WhiteElo "2196"]
[BlackElo "2150"]
[PlyCount "107"]
[EventDate "2019.??.??"]

1. d4 Nf6 2. Nf3 e6 3. c4 d5 4. g3 dxc4 5. Bg2 Nc6 6. Qa4 Nd7 7. Qxc4 Nb6 8.
Qd3 Nb4 9. Qd1 c5 10. O-O Nc6 11. Ne5 Nxe5 12. dxe5 Qc7 13. Nc3 Bd7 14. f4 Be7
15. e4 O-O 16. Qe2 Na4 17. Nxa4 Bxa4 18. b3 Bc6 19. Bb2 Qb6 20. Qf2 Bb5 21.
Rfd1 Rfd8 22. f5 Qa6 23. f6 Bf8 24. fxg7 Bxg7 25. a4 Be2 26. Bf1 Bxf1 27. Rxf1
Qb6 28. Ba3 Bxe5 29. Qxf7+ Kh8 30. Rac1 Bd4+ 31. Kh1 Qc6 32. Bxc5 Qxe4+ 33. Qf3
Qxf3+ 34. Rxf3 Bxc5 35. Rxc5 Rd7 36. Re3 Re8 37. Kg2 Kg7 38. Kf3 Ree7 39. Ke4
Rd2 40. h4 h6 41. Rec3 Red7 42. Rc7 Kf6 43. Rxd7 Rxd7 44. g4 Rd6 45. Rf3+ Ke7
46. g5 hxg5 47. hxg5 Rd5 48. g6 Kd6 49. Rf7 b5 50. Kf4 e5+ 51. Kf5 e4+ 52. Kxe4
Rg5 53. Rxa7 bxa4 54. bxa4 1-0

[Event "OLNO 1819 TuS Makkabi Berlin - SC Empor"]
[Site "?"]
[Date "2019.02.24"]
[Round "7.4"]
[White "Sawlin, Michail"]
[Black "Schoene, Ralf"]
[Result "1-0"]
[WhiteElo "2155"]
[BlackElo "2251"]
[PlyCount "111"]
[EventDate "2019.??.??"]

1. e4 e5 2. Nf3 Nc6 3. d4 exd4 4. Nxd4 Nf6 5. Nxc6 bxc6 6. e5 Qe7 7. Qe2 Nd5 8.
c4 Ba6 9. Qe4 Nb6 10. Nc3 g6 11. Bf4 Bg7 12. O-O-O Qc5 13. Be3 Qb4 14. a3 Qb3
15. c5 Nc4 16. Bxc4 Qxc4 17. Rd4 Qe6 18. Rhd1 O-O 19. f4 Rad8 20. Ra4 Bb7 21.
Rxa7 Rb8 22. Qb4 Ba8 23. Qd4 d6 24. cxd6 c5 25. Qa4 cxd6 26. Rxd6 Qg4 27. Bxc5
Bxg2 28. Rdd7 Bh6 29. Bxf8 Bxf4+ 30. Kb1 Rxf8 31. e6 Bh3 32. Rxf7 Qg1+ 33. Qd1
Bf5+ 34. Ka1 Qxd1+ 35. Nxd1 Rxf7 36. exf7+ Kf8 37. h4 Bg3 38. Ne3 Be6 39. Ra4
Kxf7 40. Ng4 h5 41. Ra7+ Ke8 42. Nf6+ Kd8 43. Rg7 Bf5 44. Nxh5 Bxh4 45. Nf4 Ke8
46. a4 Bf6 47. Rxg6 Bxg6 48. Nxg6 Kd7 49. Ka2 Kc6 50. Nf4 Kc5 51. Kb3 Bh4 52.
Nd3+ Kd4 53. Nb4 Bg5 54. Na2 Be7 55. a5 Bg5 56. a6 1-0

[Event "OLNO 1819 TuS Makkabi Berlin - SC Empor"]
[Site "?"]
[Date "2019.02.24"]
[Round "7.5"]
[White "Trenner, Rolf"]
[Black "Emig, Edgar"]
[Result "0-1"]
[WhiteElo "2179"]
[BlackElo "2129"]
[PlyCount "54"]
[EventDate "2019.??.??"]

1. c4 c5 2. g3 Nc6 3. Bg2 g6 4. Nc3 Bg7 5. b3 h5 6. Nf3 Nh6 7. Bb2 Nf5 8. Rb1
h4 9. e4 Nfd4 10. Nxh4 Ne5 11. d3 d6 12. f4 Bg4 13. Qd2 Rxh4 14. fxe5 Rh7 15.
O-O Bxe5 16. Rf2 Qd7 17. Nd5 O-O-O 18. Ne3 Bh3 19. Rbf1 f6 20. Nc2 Rdh8 21.
Bxd4 cxd4 22. Ne1 Bg4 23. Bf3 Bxg3 24. hxg3 Bxf3 25. Rxf3 Rh1+ 26. Kf2 R8h2+
27. Ng2 Rxg2+ 0-1

[Event "OLNO 1819 TuS Makkabi Berlin - SC Empor"]
[Site "?"]
[Date "2019.02.24"]
[Round "7.6"]
[White "Paris, Grigori"]
[Black "Wuttke, Hans"]
[Result "1/2-1/2"]
[WhiteElo "1973"]
[BlackElo "2148"]
[PlyCount "87"]
[EventDate "2019.??.??"]

1. e4 c6 2. d4 d5 3. Nc3 dxe4 4. Nxe4 Bf5 5. Ng3 Bg6 6. h4 h6 7. h5 Bh7 8. Nf3
Nd7 9. Bd3 Bxd3 10. Qxd3 e6 11. Bf4 Qa5+ 12. Bd2 Bb4 13. c3 Be7 14. c4 Qc7 15.
O-O-O Ngf6 16. Ne4 b5 17. c5 Rd8 18. Qe2 Nxe4 19. Qxe4 Nf6 20. Qe1 Qd7 21. Ba5
Rc8 22. Qe5 O-O 23. Rhg1 Qd5 24. Qxd5 Nxd5 25. g3 Bf6 26. Kc2 Rb8 27. a3 Rb7
28. Rd3 Rfb8 29. Ra1 Kf8 30. Bd2 Rd8 31. Ba5 Re8 32. Re1 Rbe7 33. Bc3 Ra8 34.
Ba5 Rb7 35. Nd2 Rab8 36. b3 Be7 37. Ne4 Rd7 38. f3 Kg8 39. Bd2 Kh7 40. g4 Kg8
41. Rg1 Kh7 42. Re1 Bd8 43. Rg1 Be7 44. Re1 {(=)} 1/2-1/2

[Event "OLNO 1819 TuS Makkabi Berlin - SC Empor"]
[Site "?"]
[Date "2019.02.24"]
[Round "7.7"]
[White "Bachmann, Volker"]
[Black "Gorodetski, Grigori"]
[Result "1-0"]
[WhiteElo "2130"]
[BlackElo "1891"]
[PlyCount "81"]
[EventDate "2019.??.??"]

1. d4 Nf6 2. c4 c5 3. d5 g6 4. Nc3 d6 5. e4 Bg7 6. f4 O-O 7. Nf3 e6 8. Be2 exd5
9. cxd5 Re8 10. e5 Ng4 11. h3 Nh6 12. g4 a6 13. O-O c4 14. Bxc4 Nxg4 15. hxg4
Bxg4 16. e6 f5 17. Be2 h6 18. Qb3 b5 19. Kg2 Qb6 20. a4 b4 21. a5 Qb7 22. Bd1
Re7 23. Na4 Bf6 24. Nb6 Ra7 25. Be3 g5 26. Rc1 Bxf3+ 27. Bxf3 g4 28. Be2 Rxe6
29. Rc8+ Kg7 30. Rxb8 Qxb8 31. dxe6 Re7 32. Bc4 Qe8 33. Nd5 Qc6 34. Kh2 Re8 35.
Nxf6 Kxf6 36. Bd5 g3+ 37. Kg2 Qc7 38. Bd4+ Kg6 39. Rf3 Re7 40. Rxg3+ Kh7 41.
Qd3 1-0

[Event "OLNO 1819 TuS Makkabi Berlin - SC Empor"]
[Site "?"]
[Date "2019.02.24"]
[Round "7.8"]
[White "Schmidt, Jevgen"]
[Black "Germann, Heike"]
[Result "0-1"]
[WhiteElo "1879"]
[BlackElo "2059"]
[PlyCount "98"]
[EventDate "2019.??.??"]

1. d4 Nf6 2. Bf4 g6 3. e3 Bg7 4. h3 d6 5. Nf3 O-O 6. Be2 Nc6 7. O-O Nd7 8. Bh2
e5 9. d5 Ne7 10. c4 h6 11. Nc3 f5 12. Nd2 Nf6 13. f4 e4 14. Nb3 c6 15. dxc6
bxc6 16. c5 d5 17. Nd4 Qa5 18. Nb3 Qc7 19. Nd4 Rb8 20. Rb1 Qa5 21. Qc1 Rf7 22.
Nb3 Qb4 23. Bg3 Nd7 24. Be1 Nxc5 25. Nxd5 Nxb3 26. axb3 Qb7 27. Nxe7+ Rxe7 28.
b4 Be6 29. Qc5 Rd7 30. Qc2 Bf8 31. Rc1 Bd5 32. g4 Bxb4 33. Bh4 Be7 34. Bxe7
Rxe7 35. Qc5 Rd7 36. Rc2 Qb6 37. Qc3 Qb4 38. Qf6 Qd6 39. Qd4 Rb4 40. Qc3 Rb3
41. Qd2 Qb4 42. Qc1 Qb6 43. Kf2 Rb7 44. gxf5 gxf5 45. Rg1+ Kh7 46. Qd2 Qb4 47.
Qc1 Rxb2 48. Rxc6 Rxe2+ 49. Kxe2 Qb5+ 0-1

[Event "OLNO 1819 SC Kreuzberg - SC Empor Potsd"]
[Site "?"]
[Date "2019.03.24"]
[Round "8.1"]
[White "Penzold, Andreas"]
[Black "Glantz, Robert"]
[Result "1/2-1/2"]
[WhiteElo "2390"]
[BlackElo "2301"]
[PlyCount "94"]
[EventDate "2019.??.??"]

1. c4 Nf6 2. Nc3 e6 3. e4 c5 4. e5 Ng8 5. Nf3 Nc6 6. Be2 a6 7. O-O d6 8. exd6
Qxd6 9. a3 Nf6 10. b4 Qd8 11. bxc5 Bxc5 12. Na4 Bd4 13. Rb1 O-O 14. Nxd4 Nxd4
15. Nb6 Rb8 16. Nxc8 Qxc8 17. Re1 Qc5 18. Bf1 Rfd8 19. h3 Qf5 20. d3 Nd7 21.
Bd2 Ne5 22. Re3 Rd7 23. Bc3 Nec6 24. Qc1 Qc5 25. Qb2 b5 26. Qc1 Rbd8 27. cxb5
axb5 28. Bb2 Qd5 29. Qc3 e5 30. Rc1 Rd6 31. Qc5 f6 32. Qxd5+ Rxd5 33. g4 Na5
34. Bg2 R5d7 35. Bxd4 Rxd4 36. Rc5 Nb3 37. Rxb5 Nc1 38. Be4 Nxd3 39. Bxd3 Rxd3
40. Rb3 Rxe3 41. Rxe3 Rd4 42. Rb3 Kf7 43. Rb7+ Kg6 44. Ra7 Rd3 45. Kg2 h5 46.
gxh5+ Kxh5 47. Rxg7 Rxa3 1/2-1/2

[Event "OLNO 1819 SC Kreuzberg - SC Empor Potsd"]
[Site "?"]
[Date "2019.03.24"]
[Round "8.2"]
[White "Thesing, Matthias"]
[Black "Hansch, Karsten"]
[Result "0-1"]
[WhiteElo "2324"]
[BlackElo "2296"]
[PlyCount "76"]
[EventDate "2019.??.??"]

1. e4 c5 2. Nc3 d6 3. f4 g6 4. Nf3 Bg7 5. Bc4 Nc6 6. O-O Nf6 7. d3 O-O 8. f5 e6
9. fxg6 fxg6 10. a3 Ng4 11. Bg5 Qb6 12. Qd2 Nd4 13. Na4 Qc7 14. Nc3 Bd7 15. h3
Nxf3+ 16. gxf3 Ne5 17. Kg2 Qb6 18. Rab1 Rf7 19. Ba2 Raf8 20. f4 Nc6 21. Ne2 Nd4
22. Nxd4 cxd4 23. Qb4 Qc5 24. Rf2 h6 25. Qxc5 dxc5 26. Bh4 Rxf4 27. Rxf4 Rxf4
28. Bg3 Rf8 29. Bd6 Rc8 30. Rf1 b5 31. Rf2 c4 32. e5 Bc6+ 33. Kg3 Bd5 34. dxc4
bxc4 35. Rf4 Rc6 36. c3 d3 37. Rf2 g5 38. Rd2 h5 0-1

[Event "OLNO 1819 SC Kreuzberg - SC Empor Potsd"]
[Site "?"]
[Date "2019.03.24"]
[Round "8.3"]
[White "Hansch, Stephan"]
[Black "Lerch, Philipp"]
[Result "1/2-1/2"]
[WhiteElo "2207"]
[BlackElo "2322"]
[PlyCount "49"]
[EventDate "2019.??.??"]

1. d4 g6 2. c4 Bg7 3. Nc3 e6 4. Nf3 Ne7 5. e4 d5 6. Bg5 f6 7. Be3 dxe4 8. Nxe4
Nbc6 9. Qd2 Nf5 10. O-O-O Nxe3 11. Qxe3 O-O 12. h4 f5 13. Nc3 Qf6 14. h5 gxh5
15. Rxh5 Bd7 16. Be2 Be8 17. Rhh1 Bg6 18. d5 exd5 19. cxd5 Rae8 20. Qd2 Ne5 21.
Nd4 Ng4 22. Bc4 Qxd4 23. Qxd4 Bxd4 24. Rxd4 Kg7 25. d6 1/2-1/2